01342nam a2200217Ia 4500008004100000020001500041082001600056100001800072245007400090250000900164260003800173300000800211650001700219942001200236999001500248952017200263952017200435952018400607952017200791952016100963221030s9999 xx 000 0 und d a8173281106 a105.23bAgr aA. N. Agarwal 0aIndian Economy : Problems of Development & Planningcby A. N. Agrawal a29th bWishwa PrakashanaNew Delhic2003 a742 aBE Economics cBK2ddc c2183d2183 pBE 7351g235.00l0o105.23 Agrr2024-06-13 00:00:00w2022-10-30yBK003Print4070aMIETLIBbMIETLIBcBL-Academic Block- A, FL-1, CUP-89, SH-6, R-6d2004-08-0410HBE pBE 7350g235.00l0o105.23 Agar2024-06-13 00:00:00w2022-10-30yBK003Print4070aMIETLIBbMIETLIBcBL-Academic Block- A, FL-1, CUP-89, SH-6, R-6d2004-08-0410HBE pBE 7352g235.00l1o105.23 Agrq2023-04-30r2023-04-19 00:00:00s2023-04-19w2022-10-30yBK003Print4070aMIETLIBbMIETLIBcBL-First, FL-1, CUP-39, SH-4, R-4d2004-08-0410HBE pBE 7353g235.00l0o105.23 Agrr2024-06-13 00:00:00w2022-10-30yBK003Print4070aMIETLIBbMIETLIBcBL-Academic Block- A, FL-1, CUP-89, SH-6, R-6d2005-11-1010HBE pBE 7349g235.00l0o105.23 Agar2024-06-13 00:00:00w2022-10-30yBK003Print4071aMIETLIBbMIETLIBcBL-Second, FL-1, CUP-78, SH-3, R-3d2004-08-0410HBE